书目信息 |
| 题名: |
《反经》与中国式管理
|
|
| 作者: | 李雯 编著 | |
| 分册: | ||
| 出版信息: | 北京 企业管理出版社 2011.4 |
|
| 页数: | 239页 | |
| 开本: | 24cm | |
| 丛书名: | ||
| 单 册: | ||
| 中图分类: | D691 , F279.23 | |
| 科图分类: | ||
| 主题词: | 企业管理--中国 , 企业管理 | |
| 电子资源: | ||
| ISBN: | 978-7-80255-797-0 | |
| 000 | 00915nam0 22002771 450 | |
| 001 | 524 | |
| 005 | 20140905101134.31 | |
| 010 | @a978-7-80255-797-0@dCNY29.60 | |
| 100 | @a20110707d2011 em y0chiy50 ea | |
| 101 | 0 | @achi |
| 102 | @aCN@b110000 | |
| 105 | @ay z 000yy | |
| 106 | @ar | |
| 200 | 1 | @a《反经》与中国式管理@AFan Jing Yu Zhong Guo Shi Guan Li@f李雯编著 |
| 210 | @a北京@c企业管理出版社@d2011.4 | |
| 215 | @a239页@d24cm | |
| 330 | @a本书分为管理者的个人能力、成功者的权术应变和军事家的战术操作三篇,侧重节选了《反经》中与现代企业管理息息相关的内容,并附以译文相对照,再用当今的管理经验、管理案例或者相应的典故加以阐述。 | |
| 605 | @a《反经》@x译文 | |
| 605 | @a《反经》 | |
| 606 | 0 | @a企业管理@y中国 |
| 606 | 0 | @a企业管理 |
| 690 | @aD691@v5 | |
| 690 | @aF279.23@v5 | |
| 701 | 0 | @a李雯@ALi Wen@g(女,企业管理)@4编著 |
| 801 | 0 | @aCN@bTANGWEI@c20140603 |
| 905 | @b0836394-96@dD691@e199@f3 | |
| 《反经》与中国式管理/李雯编著.-北京:企业管理出版社,2011.4 |
| 239页;24cm |
| ISBN 978-7-80255-797-0:CNY29.60 |
| 本书分为管理者的个人能力、成功者的权术应变和军事家的战术操作三篇,侧重节选了《反经》中与现代企业管理息息相关的内容,并附以译文相对照,再用当今的管理经验、管理案例或者相应的典故加以阐述。 |
| ● |
| 相关链接 |
|
|
|
|
正题名:《反经》与中国式管理
索取号:D691/199
 
预约/预借
| 序号 | 登录号 | 条形码 | 馆藏地/架位号 | 状态 | 备注 |
| 1 | 0836394 | 208363947 | 第一样本阅览室/ [索取号:D691/199] | 在馆 | |
| 2 | 0836395 | 208363956 | 第一借阅区/ [索取号:D691/199] | 在馆 | |
| 3 | 0836396 | 208363965 | 第一借阅区/ [索取号:D691/199] | 在馆 |